Sports Quiz

Random Sports Quiz

Test PPV Opponents Quiz Stats

 Plays Quiz not verified by Sporcle

Challenge
Share
Tweet
Embed
Score 0/83 Timer 14:00
0 Plays Today
PPV Opponent % Correct
WWF Royal Rumble 2002 (Winner)Triple H
97.9%
WWF King of the Ring 2000Christian
97.3%
WWE Judgment Day 2003Christian
97.3%
TNA Hard Justice 2007Christian Cage
97.3%
WWF Royal Rumble 2000 (Winner)The Rock
96.6%
WWF Royal Rumble 2001 (Winner)Steve Austin
96.6%
WWF No Mercy 2001Kane
96.6%
WWE Unforgiven 2002Kane
96.6%
WWE Judgment Day 2003Kane
96.6%
WWE Survivor Series 2006Kane
96.6%
WWF King of the Ring 2000Edge
95.9%
WWF Survivor Series 2001Edge
95.9%
WWF Royal Rumble 1999 (Winner)Mr. McMahon
95.2%
WWF King of the Ring 2000Jeff Hardy
94.5%
WWF Fully Loaded 2000Jeff Hardy
94.5%
WWF King of the Ring 2000Matt Hardy
93.8%
WWF Fully Loaded 2000Matt Hardy
93.8%
WWE SummerSlam 2002The Undertaker
92.5%
WWF SummerSlam 1999Shane McMahon
91.8%
WWF Judgment Day 2001Big Show
91.8%
WWE December to Dismember 2006Big Show
91.8%
WWF Backlash 2000Bubba Ray Dudley
91.1%
WWF Backlash 2000D-Von Dudley
91.1%
WWF Rebellion 2000Bubba Ray Dudley
91.1%
WWF Rebellion 2000D-Von Dudley
91.1%
WWF SummerSlam 2001Spike Dudley
91.1%
WWF No Way Out 2002Spike Dudley
91.1%
WWE Unforgiven 2002Bubba Ray Dudley
91.1%
PPV Opponent % Correct
WWE Armageddon 2003Bubba Ray Dudley
91.1%
WWE Armageddon 2003D-Von Dudley
91.1%
WWF WrestleMania X-Seven 2001Eddie Guerrero
90.4%
WWE Judgment Day 2003Rob Van Dam
90.4%
WWE December to Dismember 2006Rob Van Dam
90.4%
WWE Judgment Day 2003Chris Jericho
89.7%
WWE December to Dismember 2006Hardcore Holly
89%
WWF Unforgiven 2000Crash Holly
87.7%
WWF Survivor Series 2000Crash Holly
87.7%
WWE King of the Ring 2002Brock Lesnar
87%
WWE Royal Rumble 2003 (Winner)Brock Lesnar
87%
WWF Over the Edge 1999Bradshaw
86.3%
WWF SummerSlam 2001Bradshaw
86.3%
WWF Survivor Series 2000Molly Holly
85.6%
WWE Unforgiven 2002Booker T
85.6%
WWE Judgment Day 2003Booker T
85.6%
WWF Survivor Series 2001 (Last Eliminated)Billy Gunn
84.2%
WWF Vengeance 2001Albert
84.2%
WWF Over the Edge 1999Faarooq
82.9%
WWF SummerSlam 2001Faarooq
82.9%
WWE Judgment Day 2003Val Venis
82.9%
WWF WrestleMania 2000Al Snow
81.5%
WWF Unforgiven 2000Al Snow
81.5%
WWE Survivor Series 2006Bobby Lashley
81.5%
WWE December to Dismember 2006Bobby Lashley
81.5%
WWE Royal Rumble 2007Bobby Lashley
81.5%
WWE Unforgiven 2002Goldust
80.1%
WWE Judgment Day 2003Goldust
80.1%
PPV Opponent % Correct
WWF King of the Ring 2000Grandmaster Sexay
79.5%
WWF King of the Ring 2000Scotty Too Hotty
78.8%
WWF Vengeance 2001Scotty Too Hotty
78.8%
WWE Judgment Day 2003Lance Storm
78.1%
WWF WrestleMania 2000Steve Blackman
76.7%
WWF Unforgiven 2000Steve Blackman
76.7%
WWF Survivor Series 2000Steve Blackman
76.7%
WWF Over the Edge 1999Viscera
75.3%
WWE Survivor Series 2006John Cena
74.7%
WWF Fully Loaded 2000Lita
74%
WWE December to Dismember 2006CM Punk
72.6%
WWF Over the Edge 1999Big Boss Man
71.9%
WWF WrestleMania XV 1999Jeff Jarrett
71.2%
WWE Insurrextion 2003Scott Steiner
71.2%
WWE Bad Blood 2003Scott Steiner
71.2%
WWE Unforgiven 2003Scott Steiner
71.2%
WWF Unforgiven 2000Perry Saturn
70.5%
WWF WrestleMania XV 1999Owen Hart
69.9%
WWF No Way Out 2002Tazz
67.1%
WWF Judgment Day 2001Rhyno
63.7%
WWE Survivor Series 2006Sabu
63.7%
TNA Hard Justice 2007AJ Styles
56.8%
WWE Survivor Series 2006Rey Mysterio
50%
TNA Hard Justice 2007Tomko
43.2%
WWF Unforgiven 2000Funaki
41.8%
WWE Judgment Day 2003Rene Dupree
40.4%
WWE Judgment Day 2003Sylvain Grenier
38.4%

You're not logged in!

Compare scores with friends on all Sporcle quizzes.
Join for Free
OR
Log In

You Might Also Like...

Show Comments

Extras

Top Quizzes Today


Score Distribution

Your Account Isn't Verified!

In order to create a playlist on Sporcle, you need to verify the email address you used during registration. Go to your Sporcle Settings to finish the process.

Report this User

Report this user for behavior that violates our Community Guidelines.

Details: